000 00521nam a2200169 i 4500
001 26927
003 ES-MaACL
005 20230906153527.0
007 t|
008 030113s1986 ve ||||1| spa d
100 1 _aAtencio Bello, Heraclio.
_923726
245 1 0 _aDeuda externa, inversión extranjera y tranferencia de tecnología en América Latina /
_cHeraclio Atencio Bello.
250 _a1ª ed.
260 _aCaracas :
_bMonte Avila,
_c1986.
300 _a352 p. ;
_c23 cm.
852 _aES-MaACL
_jL-11251
_bR.113005
999 _c26927
_d26927